000 00306nam a22001337a 4500
008 170930b xxu||||| |||| 00| 0 eng d
020 _a9780072473773
041 _aeng
080 _a37
100 _a47
101 _aEDU
245 _aCRITICAL READING FOR COLLEGE AND BEYOND
_cDAIEK, D
942 _2udc
_cBK
999 _c30943
_d30943